Adversity is my angel (Record no. 52865)
[ view plain ]
| 000 -LEADER | |
|---|---|
| fixed length control field | 01866nam a2200385 a 4500 |
| 082 04 - DEWEY DECIMAL CLASSIFICATION NUMBER | |
| Classification number | 327.730092 B |
| 100 1# - MAIN ENTRY--AUTHOR NAME | |
| Personal name | Castro, Raul H., |
| 245 10 - TITLE STATEMENT | |
| Title | Adversity is my angel |
| 260 ## - PUBLICATION, DISTRIBUTION, ETC. (IMPRINT) | |
| Place of publication | Fort Worth, Tex. : |
| Name of publisher | TCU Press, |
| Year of publication | c2009. |
| 300 ## - PHYSICAL DESCRIPTION | |
| Number of Pages | 138 p. : |
| Other physical details | ill. |
| 505 0# - FORMATTED CONTENTS NOTE | |
| Formatted contents note | Ancestors and immigrants -- High school and the world beyond -- Crucible of optimism: higher education at Arizona State Teachers College in Flagstaff -- Return to the borderlands -- The law -- Pima County attorney -- Superior court judge -- Ambassador to El Salvador and LBJ -- Ambassador to Bolivia -- Governor of Arizona -- Ambassador to Argentina. |
| 650 #0 - SUBJECT ADDED ENTRY--TOPICAL TERM | |
| Topical Term | Governors |
| Topical Term | Ambassadors |
| Topical Term | Hispanic Americans |
| 700 1# - ADDED ENTRY--PERSONAL NAME | |
| Personal name | August, Jack L. |
| 856 40 - ELECTRONIC LOCATION AND ACCESS | |
| Uniform Resource Identifier | http://site.ebrary.com/lib/rucke/Doc?id=10631162 |
No items available.
